[Event "BEL-chT 1112"]
[Site "Belgium"]
[Date "2011.11.06"]
[Round "3.8"]
[White "Vanheirzeele, Daniel"]
[Black "Van den Brande, Werner"]
[Result "0-1"]
[WhiteElo "2161"]
[BlackElo "2225"]
[PlyCount "42"]
[EventDate "2011.10.09"]
[EventType "team-tourn"]
[EventRounds "11"]
[EventCountry "BEL"]
[SourceTitle "EXT 2012"]
[Source "ChessBase"]
[SourceDate "2011.11.24"]
[SourceVersion "1"]
[SourceVersionDate "2011.11.24"]
[SourceQuality "1"]
[WhiteTeam "Gand"]
[BlackTeam "Borgerhout"]
[WhiteTeamCountry "BEL"]
[BlackTeamCountry "BEL"]

1. d4 Nf6 2. c4 c5 3. d5 b5 4. Qc2 Qa5+ 5. Bd2 b4 6. e4 d6 7. f4 g6 8. Bd3 Nbd7 9. Nf3 Bg7 10. e5 dxe5 11. fxe5 Ng4 12. e6 Nde5 13. exf7+ Nxf7 14. 0-0 Qc7 15. g3 Nge5 16. Be4 Nxf3+ 17. Bxf3 Qe5 18. Bc1 0-0 19. a3 Qd4+ 20. Kg2 Ne5 21. Rd1 Nxf3 0-1

[Event "BEL-chT 1112"]
[Site "Belgium"]
[Date "2011.10.23"]
[Round "2.8"]
[White "Van den Brande, Werner"]
[Black "Godart, Francois"]
[Result "0-1"]
[WhiteElo "2225"]
[BlackElo "2266"]
[PlyCount "58"]
[EventDate "2011.10.09"]
[EventType "team-tourn"]
[EventRounds "11"]
[EventCountry "BEL"]
[SourceTitle "EXT 2012"]
[Source "ChessBase"]
[SourceDate "2011.11.24"]
[SourceVersion "1"]
[SourceVersionDate "2011.11.24"]
[SourceQuality "1"]
[WhiteTeam "Borgerhout"]
[BlackTeam "Charleroi CREC"]
[WhiteTeamCountry "BEL"]
[BlackTeamCountry "BEL"]

1. c4 f5 2. g3 Nf6 3. Bg2 g6 4. Nc3 Bg7 5. d3 0-0 6. e4 d6 7. Nge2 Nc6 8. 0-0 e5 9. Nd5 Ne7 10. h3 c6 11. Nxf6+ Bxf6 12. Bh6 Rf7 13. Qd2 Be6 14. b3 d5 15. exd5 cxd5 16. Rad1 Kh8 17. Bg5 Bxg5 18. Qxg5 Nc6 19. Qe3 d4 20. Qh6 Qa5 21. Rfe1 Re8 22. f4 e4 23. b4 Nxb4 24. dxe4 Nc2 25. exf5 Bxf5 26. Qg5 Nxe1 27. Bd5 Rfe7 28. Qf6+ Rg7 29. Rb1 Bxb1 0-1

[Event "Brasschaat op 11th"]
[Site "Brasschaat"]
[Date "2011.08.27"]
[Round "8"]
[White "Rogiers, Jan"]
[Black "Van den Brande, Werner"]
[Result "1-0"]
[WhiteElo "2107"]
[BlackElo "2237"]
[PlyCount "79"]
[EventDate "2011.08.20"]
[EventType "swiss"]
[EventRounds "9"]
[EventCountry "BEL"]
[SourceTitle "CBM 144 Extra"]
[Source "ChessBase"]
[SourceDate "2011.10.28"]
[SourceVersion "1"]
[SourceVersionDate "2011.10.28"]
[SourceQuality "1"]

1. e4 c5 2. Nc3 d6 3. f4 g6 4. Nf3 Bg7 5. Bc4 Nc6 6. 0-0 Nf6 7. d3 0-0 8. Qe1 e6 9. f5 d5 10. Bb3 c4 11. e5 Nxe5 12. Nxe5 cxb3 13. fxg6 fxg6 14. axb3 d4 15. Ne4 Nxe4 16. Rxf8+ Qxf8 17. Qxe4 Qf5 18. Bf4 Qxe4 19. dxe4 b5 20. Rd1 Bb7 21. Rxd4 g5 22. Bg3 h5 23. h3 Rc8 24. c3 a5 25. Kf2 Ra8 26. Ke2 a4 27. bxa4 bxa4 28. Rb4 Bc8 29. Kd3 Kh7 30. Nc4 Bf8 31. Bd6 a3 32. bxa3 Bxd6 33. Nxd6 Ba6+ 34. c4 g4 35. hxg4 hxg4 36. a4 Kg6 37. e5 Kg5 38. g3 Rf8 39. Rb6 Ra8 40. a5 1-0

[Event "BEL-ch op"]
[Site "Antwerp"]
[Date "2011.07.08"]
[Round "7.11"]
[White "Saligo, Pieter"]
[Black "Van den Brande, Werner"]
[Result "0-1"]
[WhiteElo "1912"]
[BlackElo "2237"]
[PlyCount "54"]
[EventDate "2011.07.02"]
[EventType "swiss"]
[EventRounds "9"]
[EventCountry "BEL"]
[SourceTitle "CBM 143 Extra"]
[Source "ChessBase"]
[SourceDate "2011.08.29"]
[SourceVersion "1"]
[SourceVersionDate "2011.08.29"]
[SourceQuality "1"]

1. d4 Nf6 2. Nc3 d5 3. Bg5 Nbd7 4. Nf3 g6 5. Qd3 Bg7 6. 0-0-0 0-0 7. e4 dxe4 8. Nxe4 Nxe4 9. Qxe4 Nf6 10. Bxf6 Bxf6 11. Bc4 c6 12. h4 Bf5 13. Qe3 b5 14. Bd3 Qd5 15. Kb1 Be6 16. b3 Bg4 17. Be4 Qe6 18. h5 Rfd8 19. hxg6 hxg6 20. Qf4 Bxf3 21. gxf3 Bg7 22. Rhe1 Qd6 23. Qxd6 Rxd6 24. Rd3 f5 25. Bxc6 Rxc6 26. Rxe7 Rd6 27. d5 b4 0-1

[Event "BEL-ch op"]
[Site "Antwerp"]
[Date "2011.07.04"]
[Round "3.7"]
[White "T'Sas, Jan"]
[Black "Van den Brande, Werner"]
[Result "1/2-1/2"]
[WhiteElo "1979"]
[BlackElo "2237"]
[PlyCount "45"]
[EventDate "2011.07.02"]
[EventType "swiss"]
[EventRounds "9"]
[EventCountry "BEL"]
[SourceTitle "CBM 143 Extra"]
[Source "ChessBase"]
[SourceDate "2011.08.29"]
[SourceVersion "1"]
[SourceVersionDate "2011.08.29"]
[SourceQuality "1"]

1. e4 c5 2. Nf3 e6 3. d4 cxd4 4. Nxd4 Nc6 5. Nc3 Qc7 6. Be2 a6 7. 0-0 Nf6 8. Be3 Bb4 9. f3 0-0 10. Nxc6 bxc6 11. Kh1 d5 12. Na4 Rb8 13. Nc5 Rd8 14. Nxa6 Bxa6 15. Bxa6 dxe4 16. Qe2 Bd6 17. fxe4 Bxh2 18. Bg5 Be5 19. c3 c5 20. a4 Rd6 21. Bc4 Rdb6 22. Bb5 h6 23. Bxf6 1/2-1/2

[Event "Brasschaat op 10th"]
[Site "Brasschaat"]
[Date "2010.08.22"]
[Round "9"]
[White "Van den Brande, Werner"]
[Black "Dardha, Arben"]
[Result "0-1"]
[WhiteElo "2262"]
[BlackElo "2290"]
[PlyCount "54"]
[EventDate "2010.08.14"]
[EventType "swiss"]
[EventRounds "9"]
[EventCountry "BEL"]
[SourceTitle "CBM 138 Extra"]
[Source "ChessBase"]
[SourceDate "2010.10.29"]
[SourceVersion "1"]
[SourceVersionDate "2010.10.29"]
[SourceQuality "1"]

1. e4 c5 2. Nf3 Nc6 3. d4 cxd4 4. Nxd4 Nf6 5. Nc3 e5 6. Ndb5 d6 7. Bg5 a6 8. Na3 Be6 9. Nc4 Rc8 10. Bxf6 gxf6 11. Bd3 Nb4 12. Ne3 Bh6 13. 0-0 Bxe3 14. fxe3 Rg8 15. Kh1 Qb6 16. Qd2 Rg6 17. Rf2 Ke7 18. Bf1 Nc6 19. Rb1 h5 20. Nd5+ Bxd5 21. exd5 Nb8 22. Bd3 Rg7 23. b4 Nd7 24. Bf5 Qc7 25. Rb3 Qc4 26. a3 Rcg8 27. Rc3 Rxg2 0-1

[Event "Brasschaat op 10th"]
[Site "Brasschaat"]
[Date "2010.08.19"]
[Round "6"]
[White "Van den Brande, Werner"]
[Black "Van Herck, Marcel"]
[Result "1-0"]
[WhiteElo "2262"]
[BlackElo "2109"]
[PlyCount "39"]
[EventDate "2010.08.14"]
[EventType "swiss"]
[EventRounds "9"]
[EventCountry "BEL"]
[SourceTitle "CBM 138 Extra"]
[Source "ChessBase"]
[SourceDate "2010.10.29"]
[SourceVersion "1"]
[SourceVersionDate "2010.10.29"]
[SourceQuality "1"]

1. e4 c6 2. d4 d5 3. e5 Bf5 4. Nf3 e6 5. Be2 c5 6. Be3 cxd4 7. Nxd4 Ne7 8. Nd2 Nbc6 9. N2f3 Be4 10. 0-0 Qb8 11. Ng5 Qxe5 12. f4 Qb8 13. Nxe4 dxe4 14. f5 e5 15. Nb5 Nc8 16. Qd5 Be7 17. f6 gxf6 18. Rad1 Nd4 19. Nxd4 exd4 20. Bb5+ 1-0

[Event "BEL-ch op"]
[Site "Westerlo"]
[Date "2010.07.07"]
[Round "5"]
[White "Van den Brande, Werner"]
[Black "Van Eetvelde, Ward"]
[Result "1-0"]
[WhiteElo "2262"]
[BlackElo "1987"]
[PlyCount "83"]
[EventDate "2010.07.03"]
[EventType "swiss"]
[EventRounds "9"]
[EventCountry "BEL"]
[SourceTitle "CBM 137 Extra"]
[Source "ChessBase"]
[SourceDate "2010.09.01"]
[SourceVersion "1"]
[SourceVersionDate "2010.09.01"]
[SourceQuality "1"]

1. e4 d6 2. d4 Nf6 3. Nc3 g6 4. f4 Bg7 5. Nf3 c5 6. Bb5+ Bd7 7. e5 Ng4 8. Bxd7+ Qxd7 9. h3 cxd4 10. Qxd4 Nh6 11. g4 Nc6 12. Qe4 0-0-0 13. Qc4 Kb8 14. Bd2 d5 15. Qe2 d4 16. Ne4 f5 17. Neg5 e6 18. Rg1 Bf8 19. Qc4 Re8 20. 0-0-0 Nf7 21. Nxf7 Qxf7 22. Nxd4 Nxd4 23. Qxd4 Rc8 24. Bb4 fxg4 25. hxg4 Bxb4 26. Qxb4 Rhd8 27. Rd6 Qc7 28. Qd2 Rf8 29. Rd4 g5 30. fxg5 Qxe5 31. c3 Rf3 32. Re1 Qg3 33. Rxe6 Qg1+ 34. Re1 Rf1 35. Rxf1 Qxf1+ 36. Kc2 Qa6 37. Qf4+ Ka8 38. a3 Re8 39. Rd2 Qe6 40. Qf5 a6 41. Rd8+ Ka7 42. Qc5+ 1-0

[Event "BEL-ch op"]
[Site "Westerlo"]
[Date "2010.07.04"]
[Round "2"]
[White "Burnay, Gerard"]
[Black "Van den Brande, Werner"]
[Result "0-1"]
[WhiteElo "1938"]
[BlackElo "2262"]
[PlyCount "72"]
[EventDate "2010.07.03"]
[EventType "swiss"]
[EventRounds "9"]
[EventCountry "BEL"]
[SourceTitle "CBM 137 Extra"]
[Source "ChessBase"]
[SourceDate "2010.09.01"]
[SourceVersion "1"]
[SourceVersionDate "2010.09.01"]
[SourceQuality "1"]

1. e4 c5 2. Nc3 d6 3. f4 Nc6 4. Nf3 g6 5. d3 Bg7 6. g3 e6 7. Bg2 Nge7 8. 0-0 0-0 9. Ne2 b6 10. c3 Ba6 11. g4 f5 12. Ng5 Qd7 13. Qb3 Bxd3 14. Re1 c4 15. Qd1 h6 16. Nxe6 Qxe6 17. exf5 gxf5 18. Nd4 Qd7 19. Ne6 Rf7 20. g5 Be4 21. Bxe4 fxe4 22. Rxe4 Re8 23. Qe2 d5 24. Nxg7 Rxg7 25. Re6 hxg5 26. fxg5 Rg6 27. Rf6 Rf8 28. Rxf8+ Kxf8 29. Be3 Kg8 30. Rf1 Rg7 31. Qf3 Ng6 32. h4 Nxh4 33. Qf8+ Kh7 34. Rf2 Qg4+ 35. Kh2 Ne5 36. Qf4 Nef3+ 0-1

[Event "BEL-chT 0910"]
[Site "Belgium"]
[Date "2010.03.07"]
[Round "10"]
[White "Vandenbussche, Thibaut"]
[Black "Van den Brande, Werner"]
[Result "1-0"]
[WhiteElo "2289"]
[BlackElo "2248"]
[PlyCount "81"]
[EventDate "2009.09.27"]
[EventType "team-tourn"]
[EventRounds "11"]
[EventCountry "BEL"]
[SourceTitle "EXT 2011"]
[Source "ChessBase"]
[SourceDate "2010.11.26"]
[SourceVersion "1"]
[SourceVersionDate "2010.11.26"]
[SourceQuality "1"]
[WhiteTeam "KGSRL"]
[BlackTeam "Borgerhout"]
[WhiteTeamCountry "BEL"]
[BlackTeamCountry "BEL"]

1. e4 c5 2. Nf3 e6 3. b3 b6 4. Bb2 Bb7 5. Qe2 d6 6. d4 cxd4 7. Nxd4 Nf6 8. Nc3 a6 9. 0-0-0 Nbd7 10. g4 Nc5 11. Bg2 b5 12. g5 Nfd7 13. f4 Qb6 14. Rhe1 0-0-0 15. a3 Kb8 16. f5 e5 17. Nf3 Rc8 18. Kb1 Qc6 19. Nd5 Nb6 20. Nd2 Nxd5 21. exd5 Qd7 22. f6 gxf6 23. gxf6 Rg8 24. Qf3 Re8 25. Ne4 Qc7 26. Nxc5 Qxc5 27. Bd4 Qxa3 28. Bb6 Bh6 29. Bh3 Bf4 30. Qc3 Rc8 31. Bxc8 Rxc8 32. Qd3 b4 33. Qe2 a5 34. Qb5 Rc3 35. Rd3 e4 36. Qe8+ Rc8 37. Qxe4 Be5 38. Bd4 Re8 39. Bxe5 Rxe5 40. Qh1 a4 41. Rxe5 1-0

[Event "BEL-chT 0910"]
[Site "Belgium"]
[Date "2010.01.24"]
[Round "7"]
[White "Buscher, Michael"]
[Black "Van den Brande, Werner"]
[Result "1/2-1/2"]
[WhiteElo "2376"]
[BlackElo "2248"]
[PlyCount "76"]
[EventDate "2009.09.27"]
[EventType "team-tourn"]
[EventRounds "11"]
[EventCountry "BEL"]
[SourceTitle "EXT 2011"]
[Source "ChessBase"]
[SourceDate "2010.11.26"]
[SourceVersion "1"]
[SourceVersionDate "2010.11.26"]
[SourceQuality "1"]
[WhiteTeam "Amay"]
[BlackTeam "Borgerhout"]
[WhiteTeamCountry "BEL"]
[BlackTeamCountry "BEL"]

1. e4 c5 2. Nf3 e6 3. c3 Nf6 4. e5 Nd5 5. d4 cxd4 6. cxd4 d6 7. a3 Bd7 8. Bd3 Bc6 9. 0-0 Nd7 10. b4 a6 11. Re1 Rc8 12. Bd2 dxe5 13. dxe5 Be7 14. Ra2 0-0 15. Nd4 Qb6 16. Qg4 Rfd8 17. Bh6 Bf8 18. Bg5 Re8 19. Rc2 Ba4 20. Rxc8 Rxc8 21. Bd2 g6 22. Nf3 Bg7 23. Qe4 Bb5 24. g3 Bc6 25. Rc1 Ne7 26. Qh4 Bxf3 27. Qxe7 Rxc1+ 28. Bxc1 Nxe5 29. Be3 Qc6 30. Bf1 Bf8 31. Qd8 Qd6 32. Qc8 Qd7 33. Qxd7 Nxd7 34. Nd2 Bd5 35. f3 a5 36. bxa5 Bxa3 37. a6 bxa6 38. Bxa6 Bc5 1/2-1/2

[Event "Brasschaat op 09th"]
[Site "Brasschaat"]
[Date "2009.08.20"]
[Round "6"]
[White "Van den Brande, Werner"]
[Black "Geirnaert, Steven"]
[Result "0-1"]
[WhiteElo "2228"]
[BlackElo "2364"]
[PlyCount "90"]
[EventDate "2009.08.15"]
[EventType "swiss"]
[EventRounds "9"]
[EventCountry "BEL"]
[SourceTitle "CBM 131 Extra"]
[Source "ChessBase"]
[SourceDate "2009.09.03"]
[SourceVersion "2"]
[SourceVersionDate "2009.09.16"]
[SourceQuality "1"]

1. e4 d5 2. exd5 Qxd5 3. Nf3 Bg4 4. Be2 Nf6 5. d4 c6 6. h3 Bf5 7. 0-0 e6 8. c4 Qd8 9. Nc3 Nbd7 10. Nh4 Bg6 11. Nxg6 hxg6 12. Bf3 Be7 13. Re1 Nb6 14. Qd3 Qd7 15. Be3 0-0 16. Rad1 Rfd8 17. Qe2 Re8 18. a3 Qc7 19. Qf1 Rad8 20. Bc1 Rd7 21. g3 Qd8 22. Be3 Nc8 23. b4 Nd6 24. g4 a6 25. a4 Bf8 26. c5 Nc8 27. b5 axb5 28. axb5 Ne7 29. bxc6 bxc6 30. Qa6 Qc8 31. Ra1 Ned5 32. Nxd5 Nxd5 33. Bd2 Be7 34. g5 Kf8 35. Qd3 Qd8 36. h4 Bxc5 37. dxc5 Ne7 38. Qa6 Rxd2 39. Red1 Rxd1+ 40. Rxd1 Qa8 41. Qb6 Nd5 42. Bxd5 exd5 43. Rb1 Qc8 44. Qb3 Qf5 45. Ra1 d4 0-1

[Event "Brasschaat op 09th"]
[Site "Brasschaat"]
[Date "2009.08.18"]
[Round "4"]
[White "Van Cappellen, Jonas"]
[Black "Van den Brande, Werner"]
[Result "0-1"]
[WhiteElo "2002"]
[BlackElo "2228"]
[PlyCount "126"]
[EventDate "2009.08.15"]
[EventType "swiss"]
[EventRounds "9"]
[EventCountry "BEL"]
[SourceTitle "EXT 2017"]
[Source "ChessBase"]
[SourceDate "2016.10.25"]
[SourceVersion "1"]
[SourceVersionDate "2016.10.25"]
[SourceQuality "1"]

1. e4 c5 2. Nf3 e6 3. b3 b6 4. Bb2 Bb7 5. Qe2 d6 6. g3 Nf6 7. d3 Be7 8. Bg2 0-0 9. 0-0 Nc6 10. Nbd2 Nd7 11. c4 Bf6 12. Nb1 a6 13. Rd1 Nd4 14. Qd2 Nxf3+ 15. Bxf3 Ne5 16. Bg2 Nc6 17. Nc3 Rb8 18. Ne2 Bxb2 19. Qxb2 e5 20. Qd2 Bc8 21. Rdb1 Bg4 22. f3 Be6 23. h3 b5 24. Kh2 Qb6 25. Qc2 Rb7 26. Nc3 Nd4 27. Qd2 Qa5 28. Rb2 Rfb8 29. Ne2 Qxd2 30. Rxd2 bxc4 31. Nxd4 cxd4 32. bxc4 Rb2 33. Rad1 Bd7 34. Kg1 Ba4 35. Rxb2 Rxb2 36. Rc1 Bc2 37. a3 Bxd3 38. c5 dxc5 39. Rxc5 f6 40. f4 Rc2 41. Ra5 Bb5 42. Bf3 d3 43. a4 Ra2 44. Bd1 Ra1 45. Kf2 Bc4 46. Rc5 Ba2 47. Bg4 exf4 48. gxf4 d2 49. Rc8+ Kf7 50. Rd8 Bb3 51. Rxd2 Rxa4 52. Bh5+ g6 53. Bf3 Ra2 54. Ke3 Rxd2 55. Kxd2 g5 56. Kc3 Be6 57. f5 Bd7 58. Kb4 Ke7 59. Kc5 a5 60. Bd1 Be8 61. e5 fxe5 62. Kd5 Kf6 63. Ke4 Bc6+ 0-1

[Event "Brasschaat op 08th"]
[Site "Brasschaat"]
[Date "2008.08.21"]
[Round "6"]
[White "Van den Brande, Werner"]
[Black "Goossens, Hanne"]
[Result "1/2-1/2"]
[WhiteElo "2284"]
[BlackElo "1996"]
[PlyCount "106"]
[EventDate "2008.08.16"]
[EventType "swiss"]
[EventRounds "9"]
[EventCountry "BEL"]
[SourceTitle "EXT 2017"]
[Source "ChessBase"]
[SourceDate "2016.10.25"]
[SourceVersion "1"]
[SourceVersionDate "2016.10.25"]
[SourceQuality "1"]

1. e4 c5 2. Nf3 d6 3. d4 cxd4 4. Nxd4 Nf6 5. Nc3 g6 6. Be3 Bg7 7. f3 0-0 8. Qd2 Nc6 9. 0-0-0 Bd7 10. g4 Qa5 11. h4 Nxd4 12. Bxd4 b5 13. g5 Nh5 14. Bxg7 Nxg7 15. Kb1 Rfc8 16. Bh3 Bxh3 17. Rxh3 Rc4 18. Qd5 Rb8 19. f4 Rc5 20. Qd2 Rbc8 21. Rh2 Kf8 22. Qd3 R8c6 23. Nd5 b4 24. Rf2 Qb5 25. Qxb5 Rxb5 26. Ne3 e6 27. Ng4 Nh5 28. Rd3 Ke7 29. e5 d5 30. Nf6 Nxf6 31. gxf6+ Kd7 32. h5 Rc7 33. hxg6 hxg6 34. Rh3 Kc6 35. c3 Kb6 36. cxb4 Rxb4 37. a3 Rb5 38. Rh7 Ka6 39. Rh8 Rbb7 40. Rc2 Rxc2 41. Kxc2 Rc7+ 42. Kd3 Kb7 43. Re8 Kc6 44. b4 Kb6 45. a4 a6 46. Re7 Kb7 47. a5 Kb8 48. Ke2 Kb7 49. Kf3 Kb8 50. Kg4 Kb7 51. Kf3 Kb8 52. Ke2 Kb7 53. Kd2 Kb8 1/2-1/2

[Event "Brasschaat op 08th"]
[Site "Brasschaat"]
[Date "2008.08.17"]
[Round "2"]
[White "Van den Brande, Werner"]
[Black "Vanden Berghe, Gregory"]
[Result "1-0"]
[WhiteElo "2284"]
[BlackElo "1910"]
[PlyCount "57"]
[EventDate "2008.08.16"]
[EventType "swiss"]
[EventRounds "9"]
[EventCountry "BEL"]
[SourceTitle "EXT 2017"]
[Source "ChessBase"]
[SourceDate "2016.10.25"]
[SourceVersion "1"]
[SourceVersionDate "2016.10.25"]
[SourceQuality "1"]

1. e4 e5 2. Nf3 Nc6 3. d4 exd4 4. Nxd4 Bb4+ 5. c3 Bc5 6. Nxc6 bxc6 7. Bd3 Ne7 8. 0-0 Ng6 9. Nd2 0-0 10. Nb3 Bb6 11. a4 a6 12. a5 Ba7 13. Kh1 Re8 14. Nd4 Qf6 15. Bc2 d5 16. exd5 cxd5 17. Ba4 Rd8 18. Nc6 Rd6 19. Nxa7 Rxa7 20. Be3 Rb7 21. Re1 Rd8 22. Bd4 Qg5 23. Be3 Qf6 24. Qd2 Qd6 25. b4 c6 26. Bb6 Rxb6 27. axb6 Rf8 28. Qd4 Qd7 29. Qc5 1-0

[Event "BEL-chT 0708"]
[Site "Belgium"]
[Date "2008.01.20"]
[Round "7.4"]
[White "Diepeveen, Vincent"]
[Black "Van den Brande, Werner"]
[Result "0-1"]
[WhiteElo "2298"]
[BlackElo "2273"]
[PlyCount "56"]
[EventDate "2007.09.30"]
[EventType "team-tourn"]
[EventRounds "11"]
[EventCountry "BEL"]
[SourceTitle "EXT 2009"]
[Source "ChessBase"]
[SourceDate "2008.11.26"]
[SourceVersion "1"]
[SourceVersionDate "2008.11.26"]
[SourceQuality "1"]
[WhiteTeam "Boey Temse"]
[BlackTeam "Borgerhout"]
[WhiteTeamCountry "BEL"]
[BlackTeamCountry "BEL"]

1. e4 c5 2. Nf3 e6 3. d4 cxd4 4. Nxd4 Nf6 5. Nc3 d6 6. Be2 Be7 7. 0-0 0-0 8. Be3 Nc6 9. f4 a6 10. Qe1 Bd7 11. Qg3 Qb8 12. Bd3 b5 13. Rae1 Nxd4 14. Bxd4 b4 15. Nd1 Bb5 16. Nf2 Bxd3 17. cxd3 Qb5 18. e5 dxe5 19. fxe5 Nh5 20. Qf3 Rad8 21. Be3 g6 22. Ng4 Rxd3 23. Kh1 f5 24. exf6 Nxf6 25. Nh6+ Kg7 26. Qf4 e5 27. Qg5 Ng8 28. Rxf8 Bxg5 0-1

[Event "BEL-chT 0708"]
[Site "Belgium"]
[Date "2007.11.04"]
[Round "3.3"]
[White "Roeder, Mathias"]
[Black "Van den Brande, Werner"]
[Result "1-0"]
[WhiteElo "2444"]
[BlackElo "2263"]
[PlyCount "129"]
[EventDate "2007.09.30"]
[EventType "team-tourn"]
[EventRounds "11"]
[EventCountry "BEL"]
[SourceTitle "CBM 120 Extra"]
[Source "ChessBase"]
[SourceDate "2007.11.01"]
[SourceVersion "1"]
[SourceVersionDate "2007.11.01"]
[SourceQuality "1"]
[WhiteTeam "KSK47 Eynatten"]
[BlackTeam "Borgerhout"]
[WhiteTeamCountry "BEL"]
[BlackTeamCountry "BEL"]

1. Nf3 c5 2. c4 Nf6 3. g3 d5 4. cxd5 Nxd5 5. Bg2 Nc6 6. d4 e6 7. 0-0 Be7 8. dxc5 Bxc5 9. a3 a5 10. Qc2 Qe7 11. Rd1 h6 12. e4 Nf6 13. Nc3 Ng4 14. Rd2 0-0 15. h3 Nge5 16. Nxe5 Nxe5 17. Kh2 Bd7 18. Qd1 Bc6 19. Qe2 Bb6 20. Rd1 Rfd8 21. Bf4 f6 22. Be3 Bxe3 23. Qxe3 Nc4 24. Qe2 Qc5 25. Bf1 Nb6 26. Rac1 Rxd1 27. Rxd1 Rc8 28. Rd2 Na4 29. Qg4 Qe7 30. Nxa4 Bxa4 31. e5 Bb3 32. exf6 Qxf6 33. Bg2 Rc2 34. Rxc2 Bxc2 35. Qe2 Bb3 36. Bxb7 Bd5 37. Bxd5 exd5 38. b4 axb4 39. axb4 d4 40. Qc4+ Kh8 41. Kg2 Qe5 42. Kf3 Qf5+ 43. Ke2 Qxh3 44. Qxd4 Qe6+ 45. Kd2 Qa2+ 46. Kc3 Qa1+ 47. Kc4 Qa2+ 48. Kc5 Qa7+ 49. Kd5 Qb7+ 50. Ke5 Qe7+ 51. Kf4 Qf7+ 52. Ke3 Qb3+ 53. Ke2 Qc2+ 54. Kf1 h5 55. Kg2 Qf5 56. Qc4 g5 57. b5 g4 58. Qc6 h4 59. gxh4 Qd3 60. b6 Qh3+ 61. Kg1 g3 62. Qh6+ Kg8 63. Qg5+ Kh8 64. Qe5+ Kh7 65. Qxg3 1-0

[Event "BEL-chT 0708"]
[Site "Belgium"]
[Date "2007.10.07"]
[Round "1.4"]
[White "Van den Brande, Werner"]
[Black "Eliet, Nicolas"]
[Result "0-1"]
[WhiteElo "2263"]
[BlackElo "2453"]
[PlyCount "56"]
[EventDate "2007.09.30"]
[EventType "team-tourn"]
[EventRounds "11"]
[EventCountry "BEL"]
[SourceTitle "CBM 120 Extra"]
[Source "ChessBase"]
[SourceDate "2007.11.01"]
[SourceVersion "1"]
[SourceVersionDate "2007.11.01"]
[SourceQuality "1"]
[WhiteTeam "Borgerhout"]
[BlackTeam "Charleroi CREC"]
[WhiteTeamCountry "BEL"]
[BlackTeamCountry "BEL"]

1. e4 c6 2. d4 d5 3. Nc3 dxe4 4. Nxe4 Nd7 5. Ng5 Ndf6 6. Bc4 e6 7. N1f3 Bd6 8. Qe2 h6 9. Ne4 Nxe4 10. Qxe4 Nf6 11. Qe2 Qc7 12. Bd2 a6 13. 0-0-0 b5 14. Bd3 Bb7 15. Kb1 Rc8 16. Rhe1 0-0 17. g4 c5 18. dxc5 Bf4 19. Rg1 Bxd2 20. Nxd2 Qf4 21. Rg3 Rxc5 22. Nb3 Re5 23. Qd2 Nd5 24. Qxf4 Nxf4 25. Bf1 Rc8 26. c3 h5 27. gxh5 Rxh5 28. Rg4 Bf3 0-1

[Event "BEL-chT 0607"]
[Site "Belgium"]
[Date "2007.03.25"]
[Round "11"]
[White "Wirig, Anthony"]
[Black "Van den Brande, Werner"]
[Result "1/2-1/2"]
[WhiteElo "2433"]
[BlackElo "2230"]
[PlyCount "55"]
[EventDate "2006.10.01"]
[EventType "team-tourn"]
[EventRounds "11"]
[EventCountry "BEL"]
[SourceTitle "EXT 2008"]
[Source "ChessBase"]
[SourceDate "2007.11.25"]
[SourceVersion "1"]
[SourceVersionDate "2007.11.25"]
[SourceQuality "1"]
[WhiteTeam "Namur"]
[BlackTeam "Borgerhout"]
[WhiteTeamCountry "BEL"]
[BlackTeamCountry "BEL"]

1. d4 Nf6 2. Nf3 g6 3. c4 Bg7 4. g3 d5 5. cxd5 Nxd5 6. Bg2 Nb6 7. 0-0 Nc6 8. e3 0-0 9. Nc3 Re8 10. d5 Na5 11. Nd4 Bd7 12. Nb3 Nxb3 13. Qxb3 e6 14. e4 exd5 15. exd5 c6 16. Be3 cxd5 17. Bxb6 Qxb6 18. Qxb6 axb6 19. Nxd5 Ra7 20. Nxb6 Be6 21. Nd5 Bxb2 22. Rab1 Bxd5 23. Bxd5 Re2 24. Rfd1 Bc3 25. Rd3 Ba5 26. Bxb7 Rxa2 27. Rd7 Rd2 28. Rxd2 1/2-1/2

[Event "BEL-chT 0607"]
[Site "Belgium"]
[Date "2007.02.11"]
[Round "8"]
[White "Michiels, Rob"]
[Black "Van den Brande, Werner"]
[Result "1-0"]
[WhiteElo "2236"]
[BlackElo "2242"]
[PlyCount "83"]
[EventDate "2006.10.01"]
[EventType "team-tourn"]
[EventRounds "11"]
[EventCountry "BEL"]
[SourceTitle "EXT 2008"]
[Source "ChessBase"]
[SourceDate "2007.11.25"]
[SourceVersion "1"]
[SourceVersionDate "2007.11.25"]
[SourceQuality "1"]
[WhiteTeam "KBSK Brugge"]
[BlackTeam "Borgerhout"]
[WhiteTeamCountry "BEL"]
[BlackTeamCountry "BEL"]

1. e4 c5 2. Nf3 e6 3. d4 cxd4 4. Nxd4 Nf6 5. Nc3 d6 6. Bg5 Be7 7. Qd2 a6 8. Be2 Qc7 9. 0-0 0-0 10. a4 b6 11. Rad1 Bb7 12. Qe3 Nc6 13. Qg3 Rfd8 14. Nf5 exf5 15. Bxf6 Bxf6 16. Nd5 Be5 17. Nxc7 Bxg3 18. Nxa8 Be5 19. Nxb6 Nd4 20. Bc4 fxe4 21. c3 Ne6 22. Bxe6 fxe6 23. Nc4 Bf6 24. Rxd6 Rf8 25. Rb6 Bc8 26. Nd6 Bd7 27. Rxa6 Rb8 28. a5 h6 29. Rb6 Ra8 30. Ra1 Bd8 31. Rb4 Bc6 32. Rc4 Bd7 33. Rxe4 Be7 34. Nc4 Bc5 35. b4 Ba7 36. Ne5 Be8 37. c4 Rd8 38. b5 Bc5 39. a6 Rd2 40. Rf4 g5 41. Rf3 Bd4 42. Rd3 1-0

[Event "BEL-chT 0607"]
[Site "Belgium"]
[Date "2006.12.08"]
[Round "7"]
[White "Aglave, Arnaud"]
[Black "Van den Brande, Werner"]
[Result "0-1"]
[WhiteElo "2180"]
[BlackElo "2230"]
[PlyCount "90"]
[EventDate "2006.10.01"]
[EventType "team-tourn"]
[EventRounds "11"]
[EventCountry "BEL"]
[SourceTitle "EXT 2008"]
[Source "ChessBase"]
[SourceDate "2007.11.25"]
[SourceVersion "1"]
[SourceVersionDate "2007.11.25"]
[SourceQuality "1"]
[WhiteTeam "Leuven Centraal"]
[BlackTeam "Borgerhout"]
[WhiteTeamCountry "BEL"]
[BlackTeamCountry "BEL"]

1. c4 c5 2. g3 Nf6 3. Bg2 d5 4. cxd5 Nxd5 5. Nc3 Nc7 6. Nf3 Nc6 7. 0-0 e5 8. Ne1 Bg4 9. Nd3 Qxd3 10. f3 Bxf3 11. Bxf3 Qd7 12. e3 Be7 13. a3 0-0 14. b4 cxb4 15. axb4 Bxb4 16. Qb3 a5 17. Be4 Rad8 18. Bf5 Qe7 19. Ne4 Ne6 20. Qd1 h6 21. h4 Nc5 22. Nf6+ Qxf6 23. Bh7+ Kxh7 24. Rxf6 gxf6 25. d4 exd4 26. exd4 Ne4 27. Qh5 Nd2 28. Qf5+ Kg7 29. Qg4+ Kh8 30. Qh5 Kg7 31. Qg4+ Kh8 32. Qh5 Rxd4 33. Bb2 Kg7 34. Bxd4 Nxd4 35. Kg2 Rd8 36. Rc1 N2f3 37. Qg4+ Kh7 38. Qe4+ Kg7 39. Rf1 Ne5 40. Qxb7 Ne6 41. Qe4 Rd4 42. Qf5 Be7 43. Rb1 Rd2+ 44. Kf1 Nd4 45. h5 Nxf5 0-1